LEADER 01179cam0 22002771 450 001 SOBE00066116 005 20210514143255.0 100 $a20210514d1754 |||||ita|0103 ba 101 $aita 102 $aIT 200 1 $aDe' teatri antichi, e moderni trattato in cui diversi punti morali appartenenti a teatro si mettono del tutto in chiaro. Con la qual occasione risponde al P. Daniele Concina, chi vien ora in tal materia cosė fieramente attaccato da lui$b[Scipione Maffei] 205 $aEdizione seconda 210 $aIn Verona$cpresso Agostino Carattoni$d1754 215 $a[8], 136, [4] p.$d4° 300 $aIl nome dell'A. desunto dalla lettera dedicatoria a c. [croce greca]2 700 1$aMaffei$b, Scipione$3A600200026112$4070$0135203 712 02$a*Carattoni, *Agostino$3SOBA00021022$4650 801 0$aIT$bBEM$c20210514$gRICA 850 $aBEM 852 $aBEM$jVII E$m00737 912 $aSOBE00066116 940 $aM 103 Monografia antica SBN 941 $aM 957 $xBiblioteca|Principessa$aVII E$b041$gNO$d00737$rDONO$1borriello$2BEM$3BEM$420210514143220.0$520210514143255.0$6borriello 996 $aDe' teatri antichi, e moderni$91389703 997 $aUNISOB LEADER 00863nam0-2200277 --450 001 9910903300303321 005 20241114115328.0 010 $a9791259763822 020 $aIT$b2022-10570 100 $a20241114d2022----kmuy0itay5050 ba 101 0 $aita 102 $aIT 105 $a 001yy 200 1 $a<>attenuazione del principio maggioritario$eistituti e modelli alternativi al principio deliberativo di maggioranza$fMatteo Frau 210 $aNapoli$cEditoriale scientifica$d2022 215 $a396 p.$d24 cm 225 1 $aRicerche giuridiche$v253 676 $a342.05$v23$zita 700 1$aFrau,$bMatteo$0596468 801 0$aIT$bUNINA$gREICAT$2UNIMARC 901 $aBK 912 $a9910903300303321 952 $aCOLL. 357 (253)$b2024/1551$fFGBC 959 $aFGBC 996 $aAttenuazione del principio maggioritario$94273090 997 $aUNINA LEADER 03485nam 2200541 a 450 001 9910438066003321 005 20251116203229.0 010 $a1-283-90948-0 010 $a3-642-32698-6 024 7 $a10.1007/978-3-642-32698-1 035 $a(CKB)2670000000279659 035 $a(EBL)1082591 035 $a(OCoLC)819816612 035 $a(SSID)ssj0000798403 035 $a(PQKBManifestationID)11441361 035 $a(PQKBTitleCode)TC0000798403 035 $a(PQKBWorkID)10743707 035 $a(PQKB)10211833 035 $a(DE-He213)978-3-642-32698-1 035 $a(MiAaPQ)EBC1082591 035 $a(PPN)168322498 035 $a(iGPub)SPNA0023925 035 $a(EXLCZ)992670000000279659 100 $a20121108d2013 uy 0 101 0 $aeng 135 $aur|n|---||||| 181 $ctxt 182 $cc 183 $acr 200 10$aBusiness technology organization $emanaging DIGITAL information technology for value creation-- the SIGMA approach /$fVincenzo Morabito 210 $aHeidelberg $cSpringer$d2013 215 $a1 online resource (181 p.) 300 $aDescription based upon print version of record. 311 08$a3-642-32697-8 320 $aIncludes bibliographical references. 327 $aThe IT Business Value -- An Information Management Approach Emphasizing on the ?I? in IT -- The Information Operation Approach -- The Information Orientation Approach -- The Information Evolution Approach -- The Foundation for an Information Approach -- A Comparison of the Four Approaches -- Organizational Absorptive Capacity and the Use of Information -- Strategic Information Governance Modeling and Assessment -- The Sigma Model. 330 $aIn this book the author aims to describe the path from Information Technology to Information Management and Information Governance. This path allows organizations to identify IT Business Value and take advantage of it. The book synthesizes the main approaches that have emerged in recent years, compares these approaches along multiple variables, and finally proposes an advanced and new approach to Information Governance, based on the concept of Organizational Absorptive Capacity. Furthermore, the book presents a new approach to Information Management: the SIGMA (Strategic Information Governance Modelling and Assessment) approach. The new approach is centered on information as a key factor allowing integration between IT applications, organizational capabilities and business strategy. In particular, the Absorptive Capacity concept is presented and discussed: this concept represents the ability of an organization to maintain and absorb the potential of information and IT investments. After having presented and discussed the model, we also provide the reader with a brief presentation of how the SIGMA approach should be applied in companies. The book adopts a scientific approach to ensure methodological rigour; however, it is also concrete and describes problems from the viewpoints of managers, adopting a clear and easy-to-understand language in order to capture the interest of top managers and graduate students. 606 $aInformation technology$xManagement 615 0$aInformation technology$xManagement. 676 $a658.05 700 $aMorabito$b Vincenzo$0285188 801 0$bMiAaPQ 801 1$bMiAaPQ 801 2$bMiAaPQ 906 $aBOOK 912 $a9910438066003321 996 $aBusiness technology organization$92496462 997 $aUNINA